Marketing trong ngân hàng

Spremljeno u:
Bibliografski detalji
Glavni autor: Phạm, Ngọc Phong
Format: Knjiga
Jezik:Undetermined
Izdano: Hà Nội Thống kê 1996
Teme:
Oznake: Dodaj oznaku
Bez oznaka, Budi prvi tko označuje ovaj zapis!
Thư viện lưu trữ: Trung tâm Học liệu Trường Đại học Cần Thơ
LEADER 00619nam a2200193Ia 4500
001 CTU_155613
008 210402s9999 xx 000 0 und d
020 |c 44000 
082 |a 658.8 
082 |b Ph431 
100 |a Phạm, Ngọc Phong 
245 0 |a Marketing trong ngân hàng 
245 0 |c Phạm Ngọc Phong, Nguyễn Lâm, Bùi Sĩ Hùng 
260 |a Hà Nội 
260 |b Thống kê 
260 |c 1996 
650 |a Marketing,Bank and banking,Tiếp thị,Ngân hàng và hoạt động ngân hàng 
904 |i H. Mai 
980 |a Trung tâm Học liệu Trường Đại học Cần Thơ